US States with MN - Statistics

General Stats
  • This quiz has been taken 89 times
  • The average score is 7 of 9
Answer Stats
State % Correct
Minnesota
99%
Montana
95%
Maine
88%
New Mexico
86%
Maryland
81%
Michigan
81%
New Hampshire
71%
Vermont
69%
Wyoming
62%
No matching quizzes found
Score Distribution
Percent of People with Each Score
Percentile by Number Answered
Your Score History
You have not taken this quiz